Estadísticas para Comunas de la Región Metropolitana

Haz click aquí para intentar la prueba.

Estadísticas generales

  • Esta prueba ha sido intentada 33 veces
  • La puntuación promedio es 37 de 52

Estadísticas de respuestas

Comunas% Correcto
SantiagoMaipú
100%
SantiagoSantiago
100%
SantiagoEstación Central
92%
SantiagoLas Condes
92%
MelipillaMelipilla
92%
SantiagoPudahuel
92%
MaipoSan Bernardo
92%
TalaganteTalagante
92%
SantiagoVitacura
92%
SantiagoCerro Navia
83%
SantiagoLa Florida
83%
SantiagoLa Pintana
83%
SantiagoLa Reina
83%
SantiagoLo Barnechea
83%
SantiagoLo Espejo
83%
SantiagoMacul
83%
SantiagoÑuñoa
83%
SantiagoProvidencia
83%
CordilleraPuente Alto
83%
SantiagoRecoleta
83%
CordilleraSan José de Maipo
83%
SantiagoSan Miguel
83%
MaipoBuin
75%
SantiagoCerrillos
75%
ChacabucoColina
75%
SantiagoHuechuraba
75%
SantiagoLa Cisterna
75%
SantiagoLa Granja
75%
ChacabucoLampa
75%
MaipoPaine
75%
SantiagoPeñalolén
75%
SantiagoRenca
75%
SantiagoSan Joaquín
75%
SantiagoConchalí
67%
SantiagoLo Prado
67%
TalagantePadre Hurtado
67%
SantiagoQuilicura
67%
SantiagoSan Ramón
67%
SantiagoIndependencia
58%
CordilleraPirque
58%
SantiagoQuinta Normal
58%
SantiagoEl Bosque
50%
SantiagoPedro Aguirre Cerda
50%
TalagantePeñaflor
50%
ChacabucoTiltil
50%
MelipillaAlhué
33%
MelipillaCuracaví
33%
MelipillaMaría Pinto
33%
MaipoCalera de Tango
25%
TalaganteEl Monte
25%
TalaganteIsla de Maipo
25%
MelipillaSan Pedro
17%

Distribución de puntuación

Porcentaje por número respondido

Porcentaje de gente con cada puntuación

Historial de tus puntuaciones

No has intentado esta prueba.